000 00673nam a22002297a 4500
003 UA-OsUOA
001 91721
007 ta
008 20121204b un ||||| |||| 00| 0 ukr d
100 _aХоменко О.
090 _a821.161.2
_bХ76
942 _cBK
040 _aUA-OsUOA
_bukr
_cUA-OsUOA
_dUA-OsUOA
245 _aТам, вдалині, синій птах
_bневигадані повісті та оповідання
300 _a327 с.
955 _a3
041 _aukr
080 _a821.161.2
260 _aК.
_bРад. письменник
_c1987
650 7 _a82 Література. Літературознавство
_2UDC
999 _c377981
_d377981